Tutuklamada kuvvetli suç şüphesi / (Record no. 15586)

MARC details
000 -BAŞLIK
Sabit Uzunlukta Kontrol Alanı 00829nam a22002537a 4500
999 ## - SİSTEM KONTROL NUMARALARI (KOHA)
Koha Biblionumber 15586
Koha Biblioitemnumber 15586
003 - KONTROL NUMARASI IDENTIFIER
Denetim Alanı MIRAKIL
005 - SON İŞLEM TARİHİ VE ZAMANI
Denetim Alanı 20240307150840.0
008 - SABİT-BOY VERİ ELEMANLARI - GENEL BİLGİLER
Sabit Uzunlukta Kontrol Alanı 240307b tu ||||| |||| 00| 0 tur d
020 ## - ULUSLARARASI STANDART KİTAP NUMARASI
Uluslararası Standart Kitap Numarası 9789750262272
040 ## - KATALOGLAMA KAYNAK
Orijinal Kataloglama Ajansı TR-AnCHP
Metne Dönüştürmek Ajansı TR-AnCHP
041 ## - DİL KODU
Metin / Ses Parça Veya Ayrı Başlığın Dil Kodu tur
082 ## - DEWEY ONLU SINIFLANDIRMA NUMARASI
Sınıflandırma Numarası 345.561
Ürün Numarası A46t 2020
090 ## - SINIFLAMA NUMARASI
Sınıflama Numarası 345.561 A46t 2020
100 ## - ANA GİRİŞ - KİŞİSEL İSİM
Kişisel Ad Akpek, Ayça L.
245 10 - BAŞLIK TABLOSU
Başlık Tutuklamada kuvvetli suç şüphesi /
Sorumluluk Tablosu, Vb Ayça L. Akpek
250 ## - EDITION TABLOSU
Baskı Beyanı Birinci Baskı: Eylül 2020
260 ## - YAYIN, DAĞITIM, VB
Yayın, Dağıtım, Vb Yeri Çankaya, Ankara :
Yayıncı, Dağıtıcı, Vs Adı Seçkin Yayıncılık,
Yayın, Dağıtım, Vb Tarihi 2020.
300 ## - FİZİKSEL TANIM
Kapsam 183 sayfa ;
Boyutlar 24 cm.
490 0# - SERİSİ TABLOSU
Seri Beyanı Seçkin Yayıncılık, Hukuk ;
Hacim / Ardışık Tanımı 2502
504 ## - KAYNAKÇA VB NOT
Kaynakça Vb Notu Kaynakça (sayfa [169]-178) ve dizin var.<br/>
650 #0 - KONU KATMA GİRİŞ - TOPİKAL DÖNEM
9 (RLIN) 5381
Topikal Süreli Veya Coğrafi Ad Giriş Elemanı Ceza hukuku
856 ## - ELEKTRONİK YER VE ERİŞİM
Kamu Notu Dijital Nüshası için Partimizin Kütüphane Sorumlusu ile iletişime geçiniz.
942 ## - EKLENDİ GİRİŞ ELEMANLARI (KOHA)
Sınıflandırma Veya Raf Düzeni Kaynak Dewey Decimal Classification
Koha Öğesi Türü Books
Holdings
Kalıcı Konum Mevcut Konum Edinme Tarihi Toplam Check-Out'Lar Tam Çağrı Numarası Barkod Tarih Son Görülme İtibaren Geçerli Fiyatlar Koha Öğesi Türü
CHP Kütüphanesi CHP Kütüphanesi 03/07/2024   345.561 A46t 2020 21472 03/07/2024 03/07/2024 Books